|
|
|
|
| LEADER |
00000nam0a2200000 4500 |
| 001 |
200044 |
| 005 |
20231101224928.0 |
| 010 |
|
|
|a 9785769542213
|
| 035 |
|
|
|a (RuTPU)RU\TPU\book\218105
|
| 090 |
|
|
|a 200044
|
| 100 |
|
|
|a 20110831d2011 m y0rusy50 ca
|
| 101 |
0 |
|
|a rus
|
| 102 |
|
|
|a RU
|
| 105 |
|
|
|a a j 001zy
|
| 200 |
1 |
|
|a Моделирование информационных и динамических систем
|e учебное пособие
|f В. К. Морозов, Г. Н. Рогачев
|
| 210 |
|
|
|a Москва
|c Академия
|d 2011
|
| 215 |
|
|
|a 378 с.
|c ил.
|
| 225 |
1 |
|
|a Высшее профессиональное образование. Автоматизация и управление
|
| 320 |
|
|
|a Библиогр.: с. 368-370.
|
| 330 |
|
|
|a Изложены основные понятия теории моделирования, приведена классификация моделей, рассмотрены модели непрерывных, дискретных и гибридных (агрегативных) систем. Рассмотрены особенности применения пакета MATLAB для решения круга задач моделирования систем. Содержатся примеры построения и применения моделей различных систем. Для студентов высших учебных заведений.
|
| 606 |
1 |
|
|a Автоматизированные информационные системы
|2 stltpush
|3 (RuTPU)RU\TPU\subj\68599
|9 83806
|
| 606 |
1 |
|
|a Динамические системы
|x Математическое моделирование
|2 stltpush
|3 (RuTPU)RU\TPU\subj\9525
|9 36755
|
| 610 |
1 |
|
|a модели
|
| 610 |
1 |
|
|a понятия
|
| 610 |
1 |
|
|a классификация
|
| 610 |
1 |
|
|a эмпирические модели
|
| 610 |
1 |
|
|a построение
|
| 610 |
1 |
|
|a регрессия
|
| 610 |
1 |
|
|a MatLab
|
| 610 |
1 |
|
|a дискретные системы
|
| 610 |
1 |
|
|a функционирование
|
| 610 |
1 |
|
|a сети Петри
|
| 610 |
1 |
|
|a Simulink
|
| 610 |
1 |
|
|a Stateflow
|
| 610 |
1 |
|
|a стохастические системы
|
| 610 |
1 |
|
|a непрерывные детерминированные системы
|
| 610 |
1 |
|
|a аналитические модели
|
| 610 |
1 |
|
|a гибридные системы
|
| 610 |
1 |
|
|a учебные пособия
|
| 675 |
|
|
|a 681.518(075.8)
|v 3
|
| 675 |
|
|
|a 681.51.033.015(075.8)
|v 3
|
| 700 |
|
1 |
|a Морозов
|b В. К.
|g Владимир Константинович
|
| 701 |
|
1 |
|a Рогачев
|b Г. Н.
|g Геннадий Николаевич
|
| 801 |
|
1 |
|a RU
|b 63413507
|c 20110831
|
| 801 |
|
2 |
|a RU
|b 63413507
|c 20150709
|g RCR
|
| 900 |
|
|
|a Моделирование информационных процессов и систем
|
| 942 |
|
|
|c BK
|
| 951 |
|
|
|b 220000
|
| 959 |
|
|
|a 71/20110830
|d 2
|e 479,60
|f ЧЗТЛ:1
|f АНЛ:1
|